| 000 | 01227cam a2200289 a 4500 | ||
|---|---|---|---|
| 001 | 16435998 | ||
| 005 | 20110426135329.0 | ||
| 008 | 100827s2011 njua b 001 0 eng | ||
| 020 | _a0136095216 | ||
| 020 | _a9780136095217 | ||
| 040 |
_aDLC _cDLC _dDLC |
||
| 082 | 0 | 0 |
_a621 _222 _bCAR |
| 100 | 1 |
_aCarryer, J. Edward. _929432 |
|
| 245 | 1 | 0 |
_aIntroduction to Mechatronic Design / _cJ. Edward Carryer, R. Matthew Ohline, Thomas W. Kenny. |
| 260 |
_aUpper Saddle River : _bPrentice Hall, _cc2011. |
||
| 300 |
_a808 p. : _bill. ; _c26 cm. |
||
| 504 | _aIncludes bibliographical references and index. | ||
| 650 | 0 |
_aMechatronics. _929433 |
|
| 653 |
_bMec _cMarch2012 |
||
| 700 | 1 |
_aOhline, R. Matthew. _929434 |
|
| 700 | 1 |
_aKenny, Thomas William. _929435 |
|
| 942 |
_2ddc _cBB |
||
| 999 |
_c16598 _d16598 |
||